[Event "POL-chT3 Pomorskie"]
[Site "Poland"]
[Date "2013.06.09"]
[Round "9.1"]
[White "Czapiewski, Waldemar"]
[Black "Dackiewicz, Marek"]
[Result "1/2-1/2"]
[WhiteElo "1879"]
[BlackElo "1897"]
[PlyCount "92"]
[EventDate "2013.01.13"]
[EventType "team-tourn"]
[EventRounds "9"]
[EventCountry "POL"]
[SourceTitle "EXT 2019"]
[Source "ChessBase"]
[SourceDate "2018.10.10"]
[SourceVersion "1"]
[SourceVersionDate "2018.10.10"]
[SourceQuality "1"]
[WhiteTeam "Chojnice Osemka"]
[BlackTeam "Malbork MCK"]
[WhiteTeamCountry "POL"]
[BlackTeamCountry "POL"]

1. d4 d5 2. c4 c6 3. Nc3 Nf6 4. e3 Bf5 5. Bd3 Bxd3 6. Qxd3 e6 7. Nge2 Nbd7 8. 0-0 Bd6 9. e4 dxe4 10. Nxe4 Nxe4 11. Qxe4 Nf6 12. Qh4 h6 13. Be3 Kd7 14. f3 g5 15. Qe1 Qc7 16. g3 Rag8 17. Qd2 Rg6 18. c5 Be7 19. f4 Ne4 20. Qd3 f5 21. Nc3 Nf6 22. fxg5 hxg5 23. Kg2 Ng4 24. Rh1 Rgh6 25. h3 f4 26. hxg4 f3+ 27. Kxf3 Rxh1 28. Rxh1 Rxh1 29. Qg6 Rh3 30. Ne4 Qd8 31. Bxg5 Bxg5 32. Nxg5 Qf8+ 33. Kg2 Rh6 34. Nxe6 Qf6 35. Qxf6 Rxf6 36. Nf4 Rf8 37. Kf3 Rg8 38. Nh5 Ke6 39. Kf4 Rf8+ 40. Ke4 Rf2 41. g5 Kf7 42. Nf4 Rxb2 43. Kf5 Rxa2 44. g6+ Kf8 45. d5 cxd5 46. Nxd5 Re2 1/2-1/2

[Event "POL-chT3 Pomorskie"]
[Site "Poland"]
[Date "2013.05.12"]
[Round "8.17"]
[White "Hiszczynski, Jakub"]
[Black "Czapiewski, Waldemar"]
[Result "1-0"]
[WhiteElo "2018"]
[BlackElo "1879"]
[PlyCount "61"]
[EventDate "2013.01.13"]
[EventType "team-tourn"]
[EventRounds "9"]
[EventCountry "POL"]
[SourceTitle "EXT 2019"]
[Source "ChessBase"]
[SourceDate "2018.10.10"]
[SourceVersion "1"]
[SourceVersionDate "2018.10.10"]
[SourceQuality "1"]
[WhiteTeam "Kwidzyn MTS"]
[BlackTeam "Chojnice Osemka"]
[WhiteTeamCountry "POL"]
[BlackTeamCountry "POL"]

1. e4 e6 2. d4 d5 3. Nd2 Nf6 4. e5 Nfd7 5. Bd3 c5 6. c3 Nc6 7. Ne2 Be7 8. Nf3 cxd4 9. cxd4 f6 10. Nf4 Ndxe5 11. Nxe5 Bb4+ 12. Kf1 fxe5 13. Qh5+ Kd7 14. dxe5 Kc7 15. Ne2 Bd7 16. Be3 Qf8 17. Rc1 b6 18. Nd4 Kb7 19. Qe2 Nxe5 20. Ba6+ Kb8 21. g3 Ng6 22. Qc2 Qd6 23. Kg2 Bc5 24. Rhd1 Rf8 25. b4 Bxd4 26. Bxd4 e5 27. Be3 Ne7 28. f4 Nf5 29. Rd3 Nxe3+ 30. Rxe3 exf4 31. Rc3 1-0

[Event "POL-chT3 Pomorskie"]
[Site "Poland"]
[Date "2013.02.03"]
[Round "4.9"]
[White "Szymanowski, Mateusz"]
[Black "Czapiewski, Waldemar"]
[Result "1/2-1/2"]
[WhiteElo "1849"]
[BlackElo "1879"]
[PlyCount "62"]
[EventDate "2013.01.13"]
[EventType "team-tourn"]
[EventRounds "9"]
[EventCountry "POL"]
[SourceTitle "EXT 2019"]
[Source "ChessBase"]
[SourceDate "2018.10.10"]
[SourceVersion "1"]
[SourceVersionDate "2018.10.10"]
[SourceQuality "1"]
[WhiteTeam "Gdansk Gedania II"]
[BlackTeam "Chojnice Osemka"]
[WhiteTeamCountry "POL"]
[BlackTeamCountry "POL"]

1. e4 c6 2. d4 d5 3. f3 e6 4. Nc3 Bd6 5. e5 Bb4 6. f4 Ne7 7. Nf3 Bd7 8. Be2 c5 9. a3 Ba5 10. 0-0 cxd4 11. Nxd4 Bb6 12. Be3 a6 13. Kh1 Nbc6 14. Bf3 Nxd4 15. Bxd4 Nf5 16. Bxb6 Qxb6 17. Qc1 Rc8 18. Re1 0-0 19. Bg4 d4 20. Nd1 Nh4 21. Qd2 Bc6 22. Bh3 Rfd8 23. Qf2 Nf5 24. c3 Ne3 25. Nxe3 dxe3 26. Rxe3 Rd3 27. Rae1 Rxe3 28. Rxe3 Re8 29. Kg1 Rd8 30. Re1 Qb3 31. Bg4 g6 1/2-1/2

[Event "Krakow op-B 22nd"]
[Site "Krakow"]
[Date "2011.12.29"]
[Round "3"]
[White "Czapiewski, Waldemar"]
[Black "Kasperek, Joanna"]
[Result "1/2-1/2"]
[WhiteElo "1911"]
[BlackElo "2028"]
[PlyCount "33"]
[EventDate "2011.12.27"]
[EventType "swiss"]
[EventRounds "9"]
[EventCountry "POL"]
[SourceTitle "CBM 146 Extra"]
[Source "ChessBase"]
[SourceDate "2012.02.29"]
[SourceVersion "1"]
[SourceVersionDate "2012.02.29"]
[SourceQuality "1"]

1. d4 Nf6 2. Nf3 c5 3. c4 g6 4. Nc3 cxd4 5. Nxd4 Bg7 6. e4 d6 7. Be2 Nc6 8. Be3 0-0 9. 0-0 Bd7 10. Qd2 Rc8 11. f3 Na5 12. b3 a6 13. Rac1 Nc6 14. Rfd1 Re8 15. Kh1 h5 16. Nc2 Qa5 17. Na4 1/2-1/2

[Event "POL-chT3 Kujawsko Pomorskie 1011"]
[Site "Poland"]
[Date "2010.11.07"]
[Round "1.17"]
[White "Maksimenko, Andrei Jr"]
[Black "Czapiewski, Waldemar"]
[Result "0-1"]
[WhiteElo "1811"]
[BlackElo "1912"]
[PlyCount "120"]
[EventDate "2010.11.07"]
[EventType "team-tourn"]
[EventRounds "11"]
[EventCountry "POL"]
[SourceTitle "EXT 2019"]
[Source "ChessBase"]
[SourceDate "2018.10.10"]
[SourceVersion "1"]
[SourceVersionDate "2018.10.10"]
[SourceQuality "1"]

1. e4 e6 2. d4 d5 3. exd5 exd5 4. Bd3 Bd6 5. Qf3 Nc6 6. c3 Be6 7. Ne2 Qf6 8. Bf4 Bxf4 9. Nxf4 0-0-0 10. Nd2 Nh6 11. h3 Bf5 12. 0-0 Bxd3 13. Nxd3 Qg5 14. Qf4 Qf5 15. Qf3 Rhe8 16. Rfe1 f6 17. Qxf5+ Nxf5 18. Nf4 Re7 19. Rxe7 Ncxe7 20. Re1 Ng6 21. Nh5 Rg8 22. g4 Nd6 23. f4 Kd7 24. f5 Nf8 25. Kf2 c6 26. b4 Ne8 27. Kf3 g6 28. Rxe8 gxh5 29. Re1 h6 30. Nb3 b6 31. Nc1 Rg5 32. Nd3 hxg4+ 33. hxg4 h5 34. Rg1 hxg4+ 35. Rxg4 Rxf5+ 36. Ke3 Ne6 37. Rg8 Rg5 38. Ra8 Rg3+ 39. Ke2 Rg2+ 40. Nf2 Ng5 41. Rxa7+ Kd6 42. Rg7 Rg3 43. Nd3 Rh3 44. Rg6 Ne4 45. a4 Nxc3+ 46. Kd2 Ne4+ 47. Kc2 Rh2+ 48. Kb3 Rd2 49. Nf4 Rxd4 50. Nh5 Rd3+ 51. Kc2 Rf3 52. Rg8 d4 53. Rd8+ Ke5 54. Re8+ Kd5 55. Rd8+ Kc4 56. a5 d3+ 57. Kb2 Rf2+ 58. Kb1 Nc3+ 59. Kc1 Nd5 60. axb6 d2+ 0-1

[Event "POL-chT 2st League"]
[Site "Mrzezyno"]
[Date "2010.09.09"]
[Round "6.70"]
[White "Zysko, Jan"]
[Black "Czapiewski, Waldemar"]
[Result "1/2-1/2"]
[WhiteElo "2164"]
[BlackElo "1902"]
[PlyCount "49"]
[EventDate "2010.09.04"]
[EventType "team-swiss"]
[EventRounds "9"]
[EventCountry "POL"]
[SourceTitle "EXT 2019"]
[Source "ChessBase"]
[SourceDate "2018.10.10"]
[SourceVersion "1"]
[SourceVersionDate "2018.10.10"]
[SourceQuality "1"]
[WhiteTeam "Wroclaw KS Polonia II"]
[BlackTeam "Chojnice UKS Osemka"]
[WhiteTeamCountry "POL"]
[BlackTeamCountry "POL"]

1. e4 e5 2. Nf3 Nc6 3. Bb5 a6 4. Ba4 b5 5. Bb3 Bc5 6. 0-0 Nf6 7. a4 b4 8. c3 d6 9. h3 Bb7 10. Re1 bxc3 11. bxc3 0-0 12. Ba3 Bxa3 13. Nxa3 Na5 14. Bc2 Re8 15. Rb1 Bc6 16. Qe2 Qd7 17. Rb4 Nh5 18. g3 Nf6 19. Kh2 d5 20. d3 Qd6 21. Reb1 Bd7 22. R1b2 Nc6 23. R4b3 Na5 24. Rb4 Nc6 25. R4b3 1/2-1/2

[Event "POL-chT 2st League"]
[Site "Mrzezyno"]
[Date "2010.09.05"]
[Round "2.46"]
[White "Zurkowski, Andrzej"]
[Black "Czapiewski, Waldemar"]
[Result "1-0"]
[WhiteElo "2120"]
[BlackElo "1902"]
[PlyCount "77"]
[EventDate "2010.09.04"]
[EventType "team-swiss"]
[EventRounds "9"]
[EventCountry "POL"]
[SourceTitle "EXT 2019"]
[Source "ChessBase"]
[SourceDate "2018.10.10"]
[SourceVersion "1"]
[SourceVersionDate "2018.10.10"]
[SourceQuality "1"]
[WhiteTeam "Warszawa Polonia II"]
[BlackTeam "Chojnice UKS Osemka"]
[WhiteTeamCountry "POL"]
[BlackTeamCountry "POL"]

1. d4 d5 2. Nf3 Nf6 3. e3 e6 4. Bd3 c5 5. 0-0 Nc6 6. b3 cxd4 7. exd4 Bd6 8. Bb2 Bd7 9. a3 0-0 10. Nbd2 Re8 11. Re1 Qc7 12. Ne5 Re7 13. Re3 Be8 14. Ndf3 b5 15. Qe2 b4 16. a4 g6 17. Re1 Nh5 18. g3 Ng7 19. Ng4 Nh5 20. Ng5 Kg7 21. Qf3 h6 22. Nh3 f5 23. Ne5 Nxe5 24. dxe5 Bc5 25. R3e2 Kh7 26. g4 Ng7 27. gxf5 gxf5 28. Nf4 Bf7 29. Kh1 Rh8 30. Rg1 Ree8 31. Nxd5 exd5 32. e6 Bh5 33. Bxf5+ Kg8 34. Qxh5 Re7 35. Bf6 Kf8 36. Bxe7+ Qxe7 37. Qf3 Qf6 38. Bg4 Ke7 39. Qxd5 1-0

[Event "Chojnice op-B"]
[Site "Chojnice"]
[Date "2009.07.13"]
[Round "3"]
[White "Szmidt, Przemyslaw"]
[Black "Czapiewski, Waldemar"]
[Result "1-0"]
[WhiteElo "1999"]
[BlackElo "1880"]
[PlyCount "100"]
[EventDate "2009.07.11"]
[EventType "swiss"]
[EventRounds "9"]
[EventCountry "POL"]
[SourceTitle "EXT 2011"]
[Source "ChessBase"]
[SourceDate "2010.11.26"]
[SourceVersion "1"]
[SourceVersionDate "2010.11.26"]
[SourceQuality "1"]

1. d4 d5 2. c4 e6 3. Nc3 c6 4. Nf3 f5 5. g3 Nf6 6. Bg2 Bd6 7. Ne5 0-0 8. 0-0 Nbd7 9. f4 Qe7 10. c5 Bc7 11. b4 Nxe5 12. fxe5 Ne8 13. a4 b6 14. b5 Qd7 15. Qb3 bxc5 16. bxc6 Qxc6 17. Nxd5 Qd7 18. Nxc7 Nxc7 19. Bxa8 Nxa8 20. dxc5 Bb7 21. Rb1 Be4 22. Rb2 Qd4+ 23. Be3 Qxe5 24. Rd2 Bd5 25. Qd3 Qc7 26. Qd4 Qc6 27. Qe5 Nc7 28. Qd6 Qb7 29. Bd4 Ne8 30. c6 Nxd6 31. cxb7 Nxb7 32. Rc1 Na5 33. Rc7 Rf7 34. Rxf7 Kxf7 35. Bxa7 Nc4 36. Ra2 Nb6 37. Ra1 Na8 38. Bd4 g6 39. a5 Ke7 40. Be5 g5 41. Rb1 Kf7 42. Rb8 g4 43. Kf2 Be4 44. Ke3 Ke7 45. Kd4 Kd7 46. Kc5 Bg2 47. Rh8 Be4 48. Rxh7+ Ke8 49. Rh8+ Ke7 50. Kb5 Bg2 1-0

[Event "Kowalewo Pomorskie op-B 16th"]
[Site "Kowalewo Pomorskie"]
[Date "2009.07.08"]
[Round "6"]
[White "Oszmian, Natalia"]
[Black "Czapiewski, Waldemar"]
[Result "0-1"]
[WhiteElo "1761"]
[BlackElo "1880"]
[PlyCount "110"]
[EventDate "2009.07.04"]
[EventType "swiss"]
[EventRounds "9"]
[EventCountry "POL"]
[SourceTitle "EXT 2011"]
[Source "ChessBase"]
[SourceDate "2010.11.26"]
[SourceVersion "1"]
[SourceVersionDate "2010.11.26"]
[SourceQuality "1"]

1. e4 c5 2. c3 Nf6 3. e5 Nd5 4. d4 cxd4 5. Qxd4 e6 6. Bc4 Nc6 7. Qe4 Nb6 8. Bb3 d5 9. exd6 Bxd6 10. Nf3 0-0 11. 0-0 Ne7 12. Bf4 Bxf4 13. Qxf4 Nbd5 14. Qe4 Qc7 15. Na3 Bd7 16. Bxd5 Nxd5 17. c4 Nf6 18. Qe2 a6 19. Ne5 Rad8 20. Rad1 Bc8 21. b3 Rxd1 22. Rxd1 Rd8 23. Rxd8+ Qxd8 24. Nb1 Qd4 25. Qd2 Qxd2 26. Nxd2 Kf8 27. f3 Ke7 28. Kf2 Ne8 29. Ne4 f6 30. Nd3 Nc7 31. Nec5 Kd6 32. Ke3 b6 33. Na4 b5 34. cxb5 axb5 35. Nc3 Bb7 36. Nf4 g6 37. Ne4+ Bxe4 38. Kxe4 Na6 39. Nd3 e5 40. a3 Nb8 41. Nb4 Nd7 42. Nd3 f5+ 43. Ke3 Nf6 44. a4 bxa4 45. bxa4 Nd5+ 46. Kd2 e4 47. fxe4 fxe4 48. Nb2 Kc5 49. Nd1 Kb4 50. g4 g5 51. a5 Kxa5 52. Nc3 Nf6 53. h3 Kb4 54. Na2+ Kc4 55. Ke3 Kd5 0-1

[Event "Bydgoszcz UKS MDK op"]
[Site "Bydgoszcz"]
[Date "2009.01.17"]
[Round "1.7"]
[White "Czapiewski, Waldemar"]
[Black "Budnik, Mateusz"]
[Result "1-0"]
[WhiteElo "1866"]
[BlackElo "1612"]
[PlyCount "115"]
[EventDate "2009.01.14"]
[EventType "swiss"]
[EventRounds "5"]
[EventCountry "POL"]
[SourceTitle "EXT 2023"]
[Source "ChessBase"]
[SourceDate "2022.10.05"]
[SourceVersion "1"]
[SourceVersionDate "2022.10.05"]
[SourceQuality "1"]

1. e4 c5 2. Nf3 Nc6 3. c3 g6 4. d4 cxd4 5. Nxd4 Bg7 6. Be3 Nf6 7. Bd3 0-0 8. 0-0 d6 9. Nd2 Bg4 10. Qa4 Bd7 11. Qd1 Ne5 12. Be2 Bg4 13. f3 Bd7 14. h3 Nh5 15. Qe1 Qb6 16. N2b3 Qc7 17. Nd2 a6 18. g4 Nf6 19. f4 Nc6 20. N4f3 e6 21. Qf2 Rab8 22. Bb6 Qc8 23. Bd3 Ne7 24. Nc4 d5 25. Nd6 Qc6 26. e5 Ne8 27. Nxe8 Rfxe8 28. Rac1 Nc8 29. Be3 Ne7 30. Nd4 Qc7 31. c4 dxc4 32. Bxc4 Nc6 33. Nb3 Ra8 34. Rfd1 b5 35. Bf1 Qb7 36. Nc5 Qc7 37. Nxd7 Qb7 38. Bg2 Rac8 39. Rd6 Bf8 40. Nxf8 Rxf8 41. Rdxc6 Rxc6 42. Rxc6 Qd7 43. Rd6 Qc7 44. Kh2 Qc4 45. Rxa6 b4 46. b3 Qxa6 47. f5 exf5 48. gxf5 Qa5 49. Bd4 Re8 50. fxg6 fxg6 51. Bf1 Rf8 52. Bc4+ Kg7 53. e6+ Kh6 54. Qxf8+ Kh5 55. Be2+ Kg5 56. Be3+ Kh4 57. Qh6+ Qh5 58. Bf2# 1-0

[Event "Bydgoszcz UKS MDK op"]
[Site "Bydgoszcz"]
[Date "2009.01.17"]
[Round "3.3"]
[White "Czapiewski, Waldemar"]
[Black "Januszewski, Piotr"]
[Result "1/2-1/2"]
[WhiteElo "1866"]
[BlackElo "1848"]
[PlyCount "60"]
[EventDate "2009.01.14"]
[EventType "swiss"]
[EventRounds "5"]
[EventCountry "POL"]
[SourceTitle "EXT 2023"]
[Source "ChessBase"]
[SourceDate "2022.10.05"]
[SourceVersion "1"]
[SourceVersionDate "2022.10.05"]
[SourceQuality "1"]

1. e4 e5 2. Nf3 Nc6 3. Nc3 Nf6 4. Bc4 Bc5 5. 0-0 0-0 6. d3 d6 7. h3 h6 8. Be3 Bb6 9. Nd5 Na5 10. Bb3 Nxb3 11. Nxf6+ Qxf6 12. axb3 Be6 13. Qe2 Qe7 14. d4 exd4 15. Nxd4 Bxd4 16. Bxd4 Qd7 17. Rad1 Rfe8 18. e5 d5 19. b4 b6 20. b3 Rac8 21. c4 c5 22. bxc5 bxc5 23. cxd5 cxd4 24. dxe6 Qxe6 25. Rxd4 Qxe5 26. Qxe5 Rxe5 27. Ra4 Rb5 28. Rxa7 Rxb3 29. f3 Rbc3 30. Rf2 Rc2 1/2-1/2

[Event "Bydgoszcz UKS MDK op"]
[Site "Bydgoszcz"]
[Date "2009.01.17"]
[Round "2.3"]
[White "Licznerski, Lukasz"]
[Black "Czapiewski, Waldemar"]
[Result "1/2-1/2"]
[WhiteElo "1932"]
[BlackElo "1866"]
[PlyCount "36"]
[EventDate "2009.01.14"]
[EventType "swiss"]
[EventRounds "5"]
[EventCountry "POL"]
[SourceTitle "EXT 2023"]
[Source "ChessBase"]
[SourceDate "2022.10.05"]
[SourceVersion "1"]
[SourceVersionDate "2022.10.05"]
[SourceQuality "1"]

1. e4 e5 2. Nf3 Nc6 3. Bb5 a6 4. Bxc6 dxc6 5. 0-0 f6 6. d4 exd4 7. Nxd4 c5 8. Nb3 Be6 9. Qe2 g6 10. Rd1 Qe7 11. Nc3 Qf7 12. Nd5 0-0-0 13. Be3 Bxd5 14. Rxd5 Rxd5 15. exd5 Qxd5 16. Rd1 Qe5 17. Qd3 Bd6 18. f4 Qe7 1/2-1/2